Perintah-Perintah Am & Arahan Pentadbiran : Mengandungi Perintah-Perintah Am (Bab "A" - Bab "G"); Arahan Perbendaharaan; Peraturan-Peraturan Lembaga Tatatertib Perkhidmatan Awam 1993; Akta Prosedur Kewangan 1957 (Akta 61); Arahan Perkhidmatan (Bab "1"- Bab "8"); Tatacara Pengurusan Stor; Sukatan Peperiksaan Undang-Undang Kerajaan :

Bibliographic Details
Corporate Author: MALAYSIA
Format: Book
Published: Kuala Lumpur : International Law Book Services , 1994
Series:Undang-undang Malaysia
Subjects:

MARC

LEADER 00000cam a2200000 7i4500
001 0000000707
005 20020321.0
020 0 0 |a 9678906260 
090 0 0 |a R354.595001   |b MAL 1994 
110 1 0 |a MALAYSIA 
245 1 0 |a Perintah-Perintah Am & Arahan Pentadbiran :   |b Mengandungi Perintah-Perintah Am (Bab "A" - Bab "G"); Arahan Perbendaharaan; Peraturan-Peraturan Lembaga Tatatertib Perkhidmatan Awam 1993; Akta Prosedur Kewangan 1957 (Akta 61); Arahan Perkhidmatan (Bab "1"- Bab "8"); Tatacara Pengurusan Stor; Sukatan Peperiksaan Undang-Undang Kerajaan :   |b (hingga 15hb November 1994)   |c disusun oleh Lembaga Penyelidikan Undang-Undang 
260 0 0 |a Kuala Lumpur :   |b International Law Book Services ,   |c 1994 
300 |a i, 587 p. ;   |c 24 cm. 
440 0 0 |a Undang-undang Malaysia 
650 0 0 |a Administrative agencies   |z Malaysia   |x Rules and practice 
650 0 0 |a Administrative procedure   |z Malaysia 
650 0 0 |a Civil service ethics   |z Malaysia 
998 |a JPSM 
999 |a 0000000383   |b Monograph   |c Reference   |e Default branch